000
002530000a22000970004500
100
1
_a
Cernuda, Antonio Vicent
245
1
0
_a
íPro Barrabás, contra Jesús!
300
_a
vol. 59, núm 1 (2001), Páginas 29-46
773
0
_t
Estudios Bíblicos
942
_c
ANA
999
_c
50251
_d
50251